000
00300nam a2200133Ia 4500
008
231129s1971||||xx |||||||||||||| ||spa||
040
_b
spa
082
_a
U813 F688j
100
_a
Foote Horton
245
0
_a
La jauria humana
260
_c
1971
264
_a
Circulo de Lectores
942
_2
ddc
_c
BKS
999
_c
17446
_d
17446